[Event "FRA-chT U20 0809"]
[Site "Sautron"]
[Date "2009.01.02"]
[Round "4.9"]
[White "Fohr, Benjamin"]
[Black "Stark, Antoine"]
[Result "1-0"]
[WhiteElo "1380"]
[BlackElo "1530"]
[PlyCount "67"]
[EventDate "2008.10.??"]
[EventType "team-tourn"]
[EventRounds "11"]
[EventCountry "FRA"]
[SourceTitle "EXT 2010"]
[Source "ChessBase"]
[SourceDate "2010.11.25"]
[SourceVersion "1"]
[SourceVersionDate "2010.11.25"]
[SourceQuality "1"]

1. e4 c5 2. Nf3 Nc6 3. d4 cxd4 4. Nxd4 Nf6 5. Nc3 d6 6. Bg5 e6 7. Bxf6 Qxf6 8. Ndb5 Qd8 9. Be2 a6 10. Na3 b5 11. Ncb1 d5 12. exd5 exd5 13. c3 Bd6 14. Nc2 Be6 15. Nd2 0-0 16. 0-0 Ne5 17. Nb4 Qh4 18. g3 Qh3 19. Nd3 Nxd3 20. Bxd3 h5 21. Nf3 f6 22. Re1 Bg4 23. Bf1 Bxf3 24. Bxh3 Bxd1 25. Raxd1 Rae8 26. Rxe8 Rxe8 27. Rxd5 Re1+ 28. Kg2 Be7 29. Bc8 Ra1 30. Rxh5 g6 31. Rh4 f5 32. Rd4 Rxa2 33. Be6+ Kg7 34. Bxa2 1-0